Daňové včeličky pre usilovné účtovníčky

Daňové problémy účtovníčok. Zdaňovanie účtovníčok. Ilustračné príklady.

Enregistré dans:
Détails bibliographiques
Auteur principal: Burák, Emil
Format: Chapitre de livre
Langue:slovaque
Sujets:
Tags: Ajouter un tag
Pas de tags, Soyez le premier à ajouter un tag!

MARC

LEADER 00000naa a2200000 4500
001 0250469
005 20190129095515.4
041 0 |a slo 
044 |a SK 
245 1 0 |a Daňové včeličky pre usilovné účtovníčky  |c Emil Burák 
520 |a Daňové problémy účtovníčok. Zdaňovanie účtovníčok. Ilustračné príklady. 
610 2 0 |a zdaňovanie 
610 2 0 |a účtovníci 
610 2 0 |a legislatíva 
610 2 0 |a komunikácia 
610 2 0 |a správa daňová 
100 1 |a Burák, Emil